[Event "Imerimanjaka-A"]
[Site "Imerimanjaka"]
[Date "2019.11.03"]
[Round "7"]
[White "Andriamaharo, Nirina"]
[Black "Randriamahefa, Fenitra Anthony"]
[Result "0-1"]
[WhiteElo "1794"]
[BlackElo "2032"]
[PlyCount "110"]
[EventDate "2019.11.01"]
[EventType "tourn"]
[EventRounds "9"]
[EventCountry "MAD"]
[SourceTitle "CBM 195 Extra"]
[Source "ChessBase"]
[SourceDate "2020.05.31"]
[SourceVersion "1"]
[SourceVersionDate "2020.05.31"]
[SourceQuality "1"]

1. d4 Nf6 2. c4 e5 3. dxe5 Ng4 4. Nf3 Bc5 5. e3 Nc6 6. Be2 0-0 7. 0-0 Ngxe5 8. Nxe5 Nxe5 9. Nc3 Re8 10. Qc2 Nc6 11. Nd5 Nb4 12. Nxb4 Bxb4 13. b3 Be7 14. Bb2 d6 15. Rad1 Bf6 16. Rd2 Qe7 17. Bxf6 Qxf6 18. c5 Bf5 19. Qc1 Rad8 20. cxd6 Rxd6 21. Rxd6 Qxd6 22. Rd1 Qe5 23. Qd2 h6 24. h3 Re6 25. Qd8+ Kh7 26. Bd3 Rc6 27. Bxf5+ Qxf5 28. Kf1 Qb5+ 29. Qd3+ Qxd3+ 30. Rxd3 Rc2 31. a4 Kg6 32. Ke1 Kf6 33. Rd2 Rc3 34. Rb2 Ke6 35. Kd2 Rc6 36. Rc2 Rd6+ 37. Kc3 Rc6+ 38. Kd3 Rb6 39. Kc3 a5 40. Rd2 Rc6+ 41. Kd4 Rc1 42. h4 Rc6 43. Kd3 Kd5 44. Rc2 Rxc2 45. Kxc2 Ke4 46. Kd2 c6 47. f3+ Kd5 48. Kc3 Kc5 49. e4 b5 50. f4 h5 51. e5 g6 52. g3 bxa4 53. bxa4 Kd5 54. Kd3 c5 55. Kc3 c4 0-1

[Event "Imerimanjaka-A"]
[Site "Imerimanjaka"]
[Date "2019.11.01"]
[Round "3"]
[White "Rakotomaharavo, Dylan"]
[Black "Randriamahefa, Fenitra Anthony"]
[Result "0-1"]
[WhiteElo "1871"]
[BlackElo "2032"]
[PlyCount "102"]
[EventDate "2019.11.01"]
[EventType "tourn"]
[EventRounds "9"]
[EventCountry "MAD"]
[SourceTitle "CBM 195 Extra"]
[Source "ChessBase"]
[SourceDate "2020.05.31"]
[SourceVersion "1"]
[SourceVersionDate "2020.05.31"]
[SourceQuality "1"]

1. e4 c5 2. Nf3 d6 3. g3 Nf6 4. Nc3 g6 5. Bg2 Bg7 6. 0-0 0-0 7. d4 cxd4 8. Nxd4 Nc6 9. Nxc6 bxc6 10. e5 dxe5 11. Bxc6 Bh3 12. Re1 Qxd1 13. Rxd1 Rac8 14. Bg2 Bf5 15. Be3 a5 16. Bb6 a4 17. Ba5 Rb8 18. Bc7 Rxb2 19. Bxe5 Rxc2 20. Nxa4 Ng4 21. Bxg7 Kxg7 22. Rf1 Bd3 23. Rfc1 Rfc8 24. Rxc2 Rxc2 25. f3 Ne3 26. Bh1 Bc4 27. a3 Nd5 28. f4 e6 29. Be4 Rd2 30. Rc1 Bd3 31. Bf3 Ra2 32. Nc3 Nxc3 33. Rxc3 Bc2 34. Bc6 h5 35. h3 Kf6 36. Bf3 h4 37. gxh4 Kf5 38. h5 gxh5 39. Bxh5 Kxf4 40. Bxf7 Bf5 41. Be8 e5 42. Bc6 e4 43. Bxe4 Bxe4 44. Kf1 Bf3 45. Ke1 Be4 46. Kd1 Ke5 47. Kc1 Kd4 48. Rc8 Bd3 49. Rd8+ Kc3 50. Rc8+ Bc4 51. Kb1 Rg2 0-1

[Event "MAD-ch"]
[Site "Antananarivo"]
[Date "2019.08.15"]
[Round "1"]
[White "Randriamahefa, Fenitra Anthony"]
[Black "Zakariasy, Fanomezana"]
[Result "1-0"]
[WhiteElo "2038"]
[BlackElo "1764"]
[PlyCount "81"]
[EventDate "2019.08.15"]
[EventType "swiss"]
[EventRounds "9"]
[EventCountry "MAD"]
[SourceTitle "EXT 2020"]
[Source "ChessBase"]
[SourceDate "2019.10.17"]
[SourceVersion "1"]
[SourceVersionDate "2019.10.17"]
[SourceQuality "1"]

1. e4 e5 2. Nf3 Nc6 3. Bc4 Bc5 4. 0-0 Nf6 5. d4 Bxd4 6. Nxd4 Nxd4 7. f4 d5 8. exd5 Bg4 9. Qd2 Ne4 10. Qe3 f5 11. fxe5 Nxc2 12. Qb3 Nxa1 13. Qa4+ c6 14. dxc6 Qb6+ 15. Kh1 0-0-0 16. Nc3 Nc5 17. Qb5 bxc6 18. Qxb6 axb6 19. Bg5 Rd4 20. Bf7 Nc2 21. h3 h6 22. Bc1 Rd7 23. e6 Rxf7 24. exf7 Bh5 25. Rxf5 Bg6 26. f8Q+ Rxf8 27. Rxf8+ Kd7 28. Ne2 Nd3 29. Rg8 Be4 30. Rxg7+ Kc8 31. Bxh6 Nce1 32. Nf4 Nxb2 33. Re7 Ned3 34. Nxd3 Nxd3 35. Be3 Bd5 36. h4 c5 37. h5 Kd8 38. Bg5 Kc8 39. h6 Nf2+ 40. Kg1 Ne4 41. h7 1-0

[Event "Analamanga-ch"]
[Site "Antananarivo"]
[Date "2015.08.15"]
[Round "3"]
[White "Andriamaharo, Nirina"]
[Black "Randriamahefa, Fenitra Anthony"]
[Result "0-1"]
[WhiteElo "1722"]
[BlackElo "1959"]
[PlyCount "106"]
[EventDate "2015.08.15"]
[EventType "swiss"]
[EventRounds "6"]
[EventCountry "MAD"]
[SourceTitle "EXT 2018"]
[Source "ChessBase"]
[SourceDate "2017.10.13"]
[SourceVersion "1"]
[SourceVersionDate "2017.10.13"]
[SourceQuality "1"]

1. d4 Nf6 2. c4 g6 3. Nc3 Bg7 4. Nf3 0-0 5. Bf4 d6 6. e3 Nbd7 7. h3 Re8 8. Be2 c6 9. 0-0 e5 10. Bh2 a6 11. b4 e4 12. Nd2 d5 13. c5 b6 14. Na4 b5 15. Nc3 a5 16. a3 h6 17. Nb3 a4 18. Na5 Rxa5 19. bxa5 Qxa5 20. Na2 Nh7 21. Nb4 Bb7 22. Rc1 Nb8 23. Bg4 f5 24. Be2 Na6 25. Rb1 Qd8 26. Qd2 Ng5 27. Qa2 Nxb4 28. Rxb4 Ne6 29. Bd6 Bf8 30. Bxf8 Kxf8 31. Rfb1 Ba6 32. Bd1 f4 33. Bg4 g5 34. Qd2 Qf6 35. Rf1 Kg7 36. f3 Bc8 37. fxe4 dxe4 38. exf4 gxf4 39. Be2 Rd8 40. Rd1 f3 41. gxf3 exf3 42. Bf1 Rd5 43. Qe3 Nf4 44. Re1 Rg5+ 45. Kh2 Nd5 46. Qe8 Qf4+ 47. Kh1 Qf6 48. Re5 Nxb4 49. Rxg5+ hxg5 50. Qxc8 Nd5 51. Qd7+ Kh6 52. Bd3 Ne7 53. d5 Qa1+ 0-1

[Event "Analamanga-ch"]
[Site "Antananarivo"]
[Date "2015.08.15"]
[Round "1"]
[White "Raharimanana, Faratiana"]
[Black "Randriamahefa, Fenitra Anthony"]
[Result "0-1"]
[WhiteElo "1810"]
[BlackElo "1959"]
[PlyCount "62"]
[EventDate "2015.08.15"]
[EventType "swiss"]
[EventRounds "6"]
[EventCountry "MAD"]
[SourceTitle "EXT 2018"]
[Source "ChessBase"]
[SourceDate "2017.10.13"]
[SourceVersion "1"]
[SourceVersionDate "2017.10.13"]
[SourceQuality "1"]

1. d4 Nf6 2. c4 g6 3. b3 Bg7 4. Nf3 c5 5. Bb2 cxd4 6. Bxd4 Nc6 7. e3 d6 8. Be2 0-0 9. 0-0 Nxd4 10. exd4 e5 11. dxe5 dxe5 12. Qxd8 Rxd8 13. Rd1 Rxd1+ 14. Bxd1 e4 15. Nbd2 exf3 16. Bxf3 Ne4 17. Rd1 Ng5 18. Bd5 Rb8 19. h4 Ne6 20. Ne4 Nf4 21. Ng5 Nxd5 22. cxd5 Bf5 23. f3 Bh6 24. Ne4 Bxe4 25. fxe4 Bf4 26. Kf2 Rc8 27. Kf3 Be5 28. g4 Kf8 29. Rd3 Rc3 30. Ke3 Rxd3+ 31. Kxd3 Ke7 0-1

[Event "Antananarivo op"]
[Site "Antananarivo"]
[Date "2015.08.09"]
[Round "8"]
[White "Randriamahefa, Fenitra Anthony"]
[Black "Ravelomanana, Sabine"]
[Result "1/2-1/2"]
[WhiteElo "1959"]
[BlackElo "1710"]
[PlyCount "59"]
[EventDate "2015.08.05"]
[EventType "swiss"]
[EventRounds "9"]
[EventCountry "MAD"]
[SourceTitle "EXT 2018"]
[Source "ChessBase"]
[SourceDate "2017.10.13"]
[SourceVersion "1"]
[SourceVersionDate "2017.10.13"]
[SourceQuality "1"]

1. e4 e5 2. Nf3 Nc6 3. Bc4 Nf6 4. 0-0 Be7 5. Re1 0-0 6. c3 d6 7. h3 Nxe4 8. Rxe4 d5 9. Bxd5 Qxd5 10. Re1 e4 11. Nh2 Bd6 12. Qa4 f5 13. Na3 Ne5 14. Qb3 Qxb3 15. axb3 Nd3 16. Re2 Bd7 17. Nc2 Bb5 18. c4 Bd7 19. g3 Be5 20. Ne1 Nxc1 21. Rxc1 Bxb2 22. Rb1 Bf6 23. d4 exd3 24. Nxd3 Rfe8 25. Rbe1 Rxe2 26. Rxe2 Re8 27. Rxe8+ Bxe8 28. f4 Bd4+ 29. Kf1 Bc6 30. Ke2 1/2-1/2